Текст томруулах:    
The portable MBA in project management (Бичлэгийн дугаар. 145236)
000 -УДИРДЛАГА
Удирдлага 00802nam a22002657a 4500
003 - ХЯНАЛТЫН ТОО ТОДОРХОЙЛОГЧ
Код MN-UlNUM
005 - БИЧИЛТ ХИЙСЭН ОГНОО
Тухайн бичилтийг бичсэн засварласан сүүлийн огноо 20251103162425.0
008 - ЕРӨНХИЙ МЭДЭЭЛЭЛ
Ерөнхий мэдээлэл 251103s2003 njuab||| |||| 001 0 eng d
020 ## - ISBN
ISBN 0471268992
040 ## - БИЧЛЭГ ҮҮСГЭГЧ БАЙГУУЛЛАГА
Бичлэг үүсгэгч номын сангийн код МУИС-ийн номын сан
084 ## - ББК АНГИЛАЛ
Нэмэлт тусгалт Бусад
ББК ангилал 65.290-2
Зохиогчийн гурван тэмдэгт P 85
Мэдлэгийн ялгаа 65 - Эдийн засаг
245 04 - ҮНДСЭН ГАРЧИГ
Номын нэр The portable MBA in project management
Оролцогчдын тухай мэдээ edited by Eric Verzuh.
260 ## - ГАРАЛТЫН МЭДЭЭ
Хэвлэгдсэн газар edited by Eric Verzuh.
Хэвлэлийн газар Wiley,
Хэвлэгдсэн он 2003.
300 ## - МАТЕРИАЛЫН ТОДОРХОЙЛОЛТ
хуудасны тоо xx, 436 p. :
Бусад тоон мэдээлэл ill. ;
Хэмжээ 26 cm.
500 ## - Тайлбар
Дансны дугаар БС 1883-1884
546 ## - ХЭЛНИЙ ТУХАЙ МЭДЭЭ
Хэл Англи хэл дээр,
653 ## - Түлхүүр үг
Түлхүүр үг project management.
700 1# - ХАМ ЗОХИОГЧИД
Ба бус Verzuh, Eric
740 ## - НОМЫН ГАРЧИГ
Гарчиг The case for project management
740 ## - НОМЫН ГАРЧИГ
Гарчиг The project management discipline
740 ## - НОМЫН ГАРЧИГ
Гарчиг Bulding a high-performance project team
740 ## - НОМЫН ГАРЧИГ
Гарчиг Managing the project-based organization
942 ## - ЭЛЕМЕНТИЙН ТӨРӨЛ
Зүйлийн төрөл Ном